000 01002nam a22002417a 4500
999 _c12313
_d12313
003 AR-CdUCM
008 190408b ||||| |||| 00| 0 spa d
040 _aMUNICIPALIDAD PROVINCIAL DEL CUSCO
_cBIBLIOTECA MUNICIPAL DEL CUSCO
082 _a985.061 /
_bP13 / 1899
100 _aPacheco Zegarra, Gabino
_930116
245 _aGuerra declarada al Perú y Bolivia por Chile :
_bcausas - documentos - comentarios - opúsculo político - internacional /
260 _aLima :
_bImprenta liberal,
_c1899.
300 _a150 paginas ;
_c22 cm.
500 _aDedicatoria del autor a Don Serapio Calderón.
505 _aContenido : Guerra declarada al Perú y Bolivia -- Antecedentes -- Ocupación de Antofagasta - causas inmediatas -- Mediación del Perú - Chile le declara la guerra -- Una sesión secreta...
650 _aPerú
_935
650 _aBolivia
_91138
650 _aChile
_91150
650 _aGuerra
_91007
650 _aProtocolos
_930117
942 _2ddc
_cLIBROS
945 _awnts
_d2019-04-08